MARC

LEADER 00000nam0a2200000 4500
001 14344
005 20231101204938.0
010 |a 5876230200 
035 |a (RuTPU)RU\TPU\book\14437 
035 |a BOOK00014506 
090 |a 14344 
100 |a 20011209d1999 m y0rusy50 ca 
101 0 |a rus 
102 |a RU 
105 |a y j 000zy 
200 1 |a Полупроводниковая оптоэлектроника  |e учебное пособие  |f В. Н. Мартынов, Г. И. Кольцов 
210 |a Москва  |c МИСиС  |d 1999 
215 |a 400 с. 
606 1 |a Оптоэлектроника  |2 stltpush  |3 (RuTPU)RU\TPU\subj\47265  |9 66320 
610 1 |a полупроводниковая оптоэлектроника 
610 1 |a приборы 
610 1 |a параметры 
610 1 |a вещества 
610 1 |a оптическое излучение 
610 1 |a взаимодействия 
610 1 |a информация 
610 1 |a отображение 
610 1 |a генерация 
610 1 |a передача 
610 1 |a обработка 
610 1 |a хранение 
610 1 |a расчет 
610 1 |a контроль 
610 1 |a учебные пособия 
675 |a 621.383(075.8)  |v 3 
700 1 |a Мартынов  |b В. Н.  |g Валерий Николаевич 
701 1 |a Кольцов  |b Г. И.  |g Геннадий Иосифович 
801 0 |a RU  |b 63413507  |c 20011209  |g PSBO 
801 2 |a RU  |b 63413507  |c 20130625  |g PSBO 
900 |a Физические основы электроники 
942 |c BK